Every 100k+ City in the South Atlantic States on a Map - Statistics

General Stats
  • This quiz has been taken 650 times
    555 since last reset
  • The average score is 38 of 53
Answers on the Map
Answers color-coded by a green-red scale on the quiz's map according to % correct below.
 
Answer Stats
Population City % Correct
496,461 Atlanta
99%
576,498 Baltimore
98%
439,890 Miami
98%
387,050 Tampa
98%
879,709 Charlotte
97%
954,614 Jacksonville
97%
309,154 Orlando
97%
226,604 Richmond
96%
457,672 Virginia Beach
96%
670,050 Washington
96%
469,124 Raleigh
95%
197,102 Tallahassee
95%
151,612 Charleston
93%
147,088 Savannah
92%
137,541 Columbia
91%
258,201 St. Petersburg
89%
298,263 Greensboro
88%
235,089 Norfolk
84%
201,196 Augusta
82%
285,527 Durham
82%
181,668 Fort Lauderdale
80%
154,706 Alexandria
78%
251,269 Chesapeake
78%
250,320 Winston-Salem
78%
127,358 Athens
77%
184,587 Newport News
76%
156,762 Macon
75%
204,510 Cape Coral
73%
117,286 West Palm Beach
71%
205,617 Columbus
68%
140,398 Gainesville
68%
220,490 Hialeah
68%
217,523 Port St. Lucie
67%
232,965 Arlington
66%
208,778 Fayetteville
65%
152,131 Hollywood
63%
117,643 Wilmington
63%
117,472 North Charleston
62%
116,674 Clearwater
57%
176,987 Cary
54%
137,746 Hampton
54%
115,425 Lakeland
53%
110,867 Miami Gardens
51%
169,391 Pembroke Pines
48%
111,348 Pompano Beach
45%
132,822 Coral Springs
43%
122,942 Palm Bay
43%
114,086 High Point
42%
135,077 Miramar
42%
107,180 Sandy Springs
36%
107,697 Concord
31%
108,575 South Fulton
31%
104,882 Davie
28%
No matching quizzes found
Score Distribution
Percent of People with Each Score
Percentile by Number Answered
Your Score History
You have not taken this quiz since the last reset